000
00315nam a22001217a 4500
999
_c
12334
_d
12334
020
_a
9781576603147
082
_a
332.63
100
_a
Thomas R. DeMark
245
_a
DeMark Indicators (Bloomberg Market Essentials: Technical Analysis)
260
_a
New York
_b
Bloomberg
_c
2008
300
_a
224 pages.
942
_c
BK